[Event "Madrid-ch Previa-A"]
[Site "Madrid"]
[Date "2020.02.18"]
[Round "8"]
[White "Baeza Escudero, Javier"]
[Black "Corral Aragon, Juan Maria"]
[Result "1-0"]
[WhiteElo "1884"]
[BlackElo "1766"]
[PlyCount "86"]
[EventDate "2020.02.03"]
[EventType "swiss"]
[EventRounds "9"]
[EventCountry "ESP"]
[SourceTitle "EXT 2021"]
[Source "ChessBase"]
[SourceDate "2020.10.23"]
[SourceVersion "1"]
[SourceVersionDate "2020.10.23"]
[SourceQuality "1"]

1. e4 c6 2. Nf3 d5 3. Nc3 d4 4. Ne2 c5 5. c3 dxc3 6. Nxc3 e6 7. d4 Nc6 8. d5 exd5 9. exd5 Qe7+ 10. Be3 Nb4 11. Bb5+ Bd7 12. 0-0 0-0-0 13. Bc4 b5 14. Nxb5 Bxb5 15. Bxb5 Rxd5 16. Qb3 Qb7 17. Bc4 Rf5 18. Ng5 Nh6 19. Nxf7 Rxf7 20. Bxh6 Rf6 21. Bg5 Rg6 22. Be6+ Kb8 23. Bf4+ Ka8 24. Bg3 Bd6 25. a3 Bxg3 26. fxg3 Qb6 27. Qf3+ Kb8 28. Bc4 Nc2 29. Qf4+ Qd6 30. Rad1 Qxf4 31. Rxf4 Ne3 32. Rc1 Rd8 33. Be2 Rd2 34. Bf3 c4 35. Re4 Rd3 36. Kf2 Nf5 37. Rexc4 a5 38. Rc8+ Ka7 39. R1c7+ Ka6 40. Be2 Rgd6 41. Rc3 Kb7 42. Bxd3 Rxd3 43. Rxd3 Kxc8 1-0

[Event "Madrid-ch Previa-A"]
[Site "Madrid"]
[Date "2019.02.11"]
[Round "4"]
[White "Corral Aragon, Juan Maria"]
[Black "Boni De Aristizabal, Marco"]
[Result "1/2-1/2"]
[WhiteElo "1789"]
[BlackElo "1662"]
[PlyCount "107"]
[EventDate "2019.02.04"]
[EventType "swiss"]
[EventRounds "9"]
[EventCountry "ESP"]
[SourceTitle "EXT 2021"]
[Source "ChessBase"]
[SourceDate "2020.10.23"]
[SourceVersion "1"]
[SourceVersionDate "2020.10.23"]
[SourceQuality "1"]

1. e4 c6 2. d4 d5 3. exd5 cxd5 4. Nf3 Nc6 5. c4 Bg4 6. Be3 e6 7. c5 Nf6 8. Qb3 Qc7 9. Nbd2 Be7 10. Bb5 0-0 11. Bxc6 bxc6 12. Ne5 Rab8 13. Qa4 Rb5 14. b4 Bf5 15. 0-0 Ng4 16. Bf4 Qb7 17. a3 Ra8 18. Qd1 Nxe5 19. Bxe5 a5 20. bxa5 Rbxa5 21. g4 Bg6 22. f4 f6 23. Bd6 Bxd6 24. cxd6 Qd7 25. a4 Qxd6 26. Nb3 Rxa4 27. Rxa4 Rxa4 28. Nc5 Ra7 29. Qe2 Re7 30. Qf2 h6 31. h4 Rf7 32. Re1 e5 33. dxe5 fxe5 34. Rxe5 Qxe5 35. fxe5 Rxf2 36. Kxf2 Kf8 37. Ke3 Ke7 38. Kd4 Bf7 39. Nd3 Be6 40. g5 hxg5 41. hxg5 Bf5 42. Nf4 g6 43. Kc5 Kd7 44. Ne2 Ke6 45. Nd4+ Kxe5 46. Nxc6+ Ke4 47. Nd4 Kf4 48. Kxd5 Kxg5 49. Ke5 Kg4 50. Kf6 Bd3 51. Ne6 Bf5 52. Ng5 Kf4 53. Ne6+ Bxe6 54. Kxg6 1/2-1/2

[Event "Madrid-ch Previa-A"]
[Site "Madrid"]
[Date "2019.02.05"]
[Round "2"]
[White "Corral Aragon, Juan Maria"]
[Black "Bello Burguet, Glenier Lazaro"]
[Result "0-1"]
[WhiteElo "1789"]
[BlackElo "1934"]
[PlyCount "108"]
[EventDate "2019.02.04"]
[EventType "swiss"]
[EventRounds "9"]
[EventCountry "ESP"]
[SourceTitle "EXT 2021"]
[Source "ChessBase"]
[SourceDate "2020.10.23"]
[SourceVersion "1"]
[SourceVersionDate "2020.10.23"]
[SourceQuality "1"]

1. e4 e5 2. Nf3 Nc6 3. Bb5 Nf6 4. 0-0 Nxe4 5. Bxc6 dxc6 6. Nxe5 Be6 7. Qe2 Qd5 8. Nc3 Qxe5 9. d4 Qxd4 10. Nxe4 0-0-0 11. Bg5 Re8 12. Rfd1 Qe5 13. f4 Qb5 14. Qf3 Be7 15. Bxe7 Rxe7 16. Nc3 Qc5+ 17. Kh1 Rhe8 18. h3 Bf5 19. Qh5 g6 20. Qg5 Qe3 21. Rf1 b6 22. Rf3 Qd2 23. Raf1 Re1 24. Qf6 h5 25. Qxc6 Kb8 26. Rxe1 Rxe1+ 27. Kh2 Re6 28. Qa4 Qxc2 29. Qa6 Be4 30. Rg3 Bb7 31. Qa3 c5 32. Nb5 a6 33. Qc3 Qxc3 34. Nxc3 Rf6 35. Re3 Rxf4 36. Re2 Rd4 37. Re8+ Kc7 38. Re7+ Rd7 39. Re2 Bc6 40. Kg3 b5 41. Ne4 Bxe4 42. Rxe4 Kd6 43. Re8 Kd5 44. Ra8 Rd6 45. Ra7 f6 46. Kf4 c4 47. Rg7 g5+ 48. Kf5 b4 49. Rb7 c3 50. bxc3 bxc3 51. Rb1 Kc4 52. g4 hxg4 53. hxg4 c2 54. Rb8 Kd3 0-1

[Event "Madrid-ch Previa-B"]
[Site "Madrid"]
[Date "2018.02.17"]
[Round "7"]
[White "Corral Aragon, Juan Maria"]
[Black "Vukotic Jovsic, Dragan"]
[Result "0-1"]
[WhiteElo "1852"]
[BlackElo "1948"]
[PlyCount "60"]
[EventDate "2018.02.01"]
[EventType "swiss"]
[EventRounds "9"]
[EventCountry "ESP"]
[SourceTitle "EXT 2020"]
[Source "ChessBase"]
[SourceDate "2019.10.17"]
[SourceVersion "1"]
[SourceVersionDate "2019.10.17"]
[SourceQuality "1"]

1. e4 c5 2. Nf3 d6 3. d4 cxd4 4. Nxd4 Nf6 5. Nc3 g6 6. Bb5+ Bd7 7. Bg5 Bg7 8. Qd2 0-0 9. Bh6 Bxh6 10. Qxh6 e5 11. Nf3 Bxb5 12. Nxb5 Qb6 13. 0-0-0 Qxb5 14. Rxd6 Nbd7 15. Rhd1 Rfd8 16. Ng5 Rac8 17. c3 a5 18. f4 a4 19. R6d5 Rc5 20. fxe5 a3 21. bxa3 Rxc3+ 22. Kd2 Qb2+ 23. Ke1 Qxg2 24. R5d3 Rxd3 25. Rxd3 Rc8 26. Nxf7 Qxe4+ 27. Re3 Rc1+ 28. Ke2 Qg2+ 29. Kd3 Qc2+ 30. Kd4 Qc4# 0-1

[Event "Madrid-ch Previa-B"]
[Site "Madrid"]
[Date "2018.02.01"]
[Round "1"]
[White "Palacios Sanchez, Victor"]
[Black "Corral Aragon, Juan Maria"]
[Result "0-1"]
[WhiteElo "1387"]
[BlackElo "1852"]
[PlyCount "62"]
[EventDate "2018.02.01"]
[EventType "swiss"]
[EventRounds "9"]
[EventCountry "ESP"]
[SourceTitle "EXT 2020"]
[Source "ChessBase"]
[SourceDate "2019.10.17"]
[SourceVersion "1"]
[SourceVersionDate "2019.10.17"]
[SourceQuality "1"]

1. e4 c6 2. d4 d5 3. e5 Bf5 4. Nf3 e6 5. Be2 Nd7 6. 0-0 h5 7. a3 a5 8. Be3 Be7 9. Nbd2 g5 10. Ne1 g4 11. g3 Bg5 12. Bxg5 Qxg5 13. Ng2 Ne7 14. f3 Ng6 15. fxg4 hxg4 16. Rf2 0-0-0 17. c4 Qh6 18. Nf1 dxc4 19. Bxc4 Ndxe5 20. Be2 Qg7 21. Qe1 Nf3+ 22. Bxf3 gxf3 23. Nge3 Qxd4 24. Qxa5 Kb8 25. Rd1 Qf6 26. Rfd2 Rxd2 27. Rxd2 Bh3 28. Qb4 Rd8 29. Rxd8+ Qxd8 30. Nd2 Qd3 31. Nd1 Qe2 0-1

[Event "Madrid-ch sf-A"]
[Site "Madrid"]
[Date "2016.03.07"]
[Round "1"]
[White "Corral Aragon, Juan Maria"]
[Black "Rottenwohrer Suarez, Juan"]
[Result "0-1"]
[WhiteElo "1805"]
[BlackElo "1985"]
[PlyCount "74"]
[EventDate "2016.03.07"]
[EventType "swiss"]
[EventRounds "9"]
[EventCountry "ESP"]
[SourceTitle "EXT 2017"]
[Source "ChessBase"]
[SourceDate "2016.10.25"]
[SourceVersion "1"]
[SourceVersionDate "2016.10.25"]
[SourceQuality "1"]

1. e4 c5 2. Nf3 g6 3. c3 d5 4. Bb5+ Bd7 5. Bxd7+ Qxd7 6. e5 Nc6 7. d4 Bg7 8. 0-0 Nh6 9. Re1 cxd4 10. e6 fxe6 11. cxd4 0-0 12. Ne5 Qd6 13. Bxh6 Bxh6 14. g3 Bg7 15. Nxc6 bxc6 16. Nc3 Rab8 17. Qg4 Rxb2 18. Rxe6 Qd7 19. Rf1 Rf6 20. Rfe1 h5 21. Qh3 Rfxf2 22. Nd1 Rfe2 23. R6xe2 Qxh3 24. Nxb2 Bxd4+ 25. Kh1 Qf5 26. Kg2 e5 27. h3 e4 28. Rf1 Qg5 29. Rf4 Be5 30. h4 Qe7 31. Rf1 Qa3 32. Nd1 Qxg3+ 33. Kh1 Qxh4+ 34. Kg1 Bd4+ 35. Rff2 Bxf2+ 36. Nxf2 e3 37. Rxe3 Qg5+ 0-1

[Event "Benidorm op U2000 14th"]
[Site "Benidorm"]
[Date "2015.12.01"]
[Round "4"]
[White "Corral Aragon, Juan Maria"]
[Black "Castrillon Otero, Javier"]
[Result "1-0"]
[WhiteElo "1827"]
[BlackElo "1952"]
[PlyCount "123"]
[EventDate "2015.11.28"]
[EventType "swiss"]
[EventRounds "10"]
[EventCountry "ESP"]
[SourceTitle "CBM 169 Extra"]
[Source "ChessBase"]
[SourceDate "2015.12.18"]
[SourceVersion "1"]
[SourceVersionDate "2015.12.18"]
[SourceQuality "1"]

1. e4 c5 2. Nf3 d6 3. d4 cxd4 4. Nxd4 Nf6 5. Nc3 a6 6. Bg5 e6 7. f4 Be7 8. Qf3 Qc7 9. 0-0-0 Bd7 10. g4 Nc6 11. h4 Nxd4 12. Rxd4 Rc8 13. Rc4 Bc6 14. Bxf6 Bxf6 15. g5 b5 16. Rxc6 Qxc6 17. gxf6 b4 18. fxg7 Rg8 19. Rg1 bxc3 20. bxc3 Qxc3 21. Qxc3 Rxc3 22. Bxa6 Ke7 23. Kd2 Rh3 24. a4 Kf6 25. Bd3 Rxh4 26. Ke3 e5 27. fxe5+ dxe5 28. a5 Rxg7 29. Rf1+ Ke7 30. a6 Rg8 31. Rb1 Rg2 32. Kf3 Rg8 33. Rb7+ Kd6 34. a7 Rf4+ 35. Ke3 Ra8 36. Bc4 Rh4 37. Rxf7 Rh3+ 38. Kd2 Ra3 39. Rxh7 R8xa7 40. Rh6+ Kc5 41. Bd3 Rd7 42. Re6 Kd4 43. Rc6 Rxd3+ 44. cxd3 Rc7 45. Rd6+ Kc5 46. Rd5+ Kc6 47. Rxe5 Ra7 48. Ke3 Kd6 49. Rh5 Ra4 50. Rd5+ Ke6 51. Kf4 Ra1 52. Rb5 Rf1+ 53. Ke3 Ra1 54. Rb6+ Ke7 55. d4 Rf1 56. d5 Rh1 57. Kd4 Rh2 58. Rb7+ Kd8 59. Kc5 Re2 60. Kd6 Kc8 61. Rc7+ Kb8 62. Rc4 1-0

[Event "Madrid-ch sf-A"]
[Site "Madrid"]
[Date "2015.03.23"]
[Round "7"]
[White "Camarero Izquierdo, Juan Carlos"]
[Black "Corral Aragon, Juan Maria"]
[Result "1-0"]
[WhiteElo "1888"]
[BlackElo "1830"]
[PlyCount "87"]
[EventDate "2015.03.09"]
[EventType "swiss"]
[EventRounds "9"]
[EventCountry "ESP"]
[SourceTitle "CBM 165 Extra"]
[Source "ChessBase"]
[SourceDate "2015.04.21"]
[SourceVersion "1"]
[SourceVersionDate "2015.04.21"]
[SourceQuality "1"]

1. d4 d5 2. Nc3 Nf6 3. Bg5 c6 4. Bxf6 exf6 5. Qd3 Bb4 6. f3 0-0 7. e4 Re8 8. Nge2 b6 9. 0-0-0 Ba6 10. Qe3 dxe4 11. fxe4 f5 12. e5 Qc7 13. Ng3 Bxf1 14. Rhxf1 g6 15. Qh6 Bf8 16. Qh3 Re6 17. Nce2 c5 18. Nf4 cxd4 19. Nxe6 fxe6 20. Ne2 Nc6 21. Nxd4 Nxd4 22. Rxd4 Qxe5 23. Rfd1 Be7 24. Qb3 Bg5+ 25. Kb1 a5 26. Qxb6 Rb8 27. Qd6 Bf6 28. Qxe5 Bxe5 29. Rd8+ Rxd8 30. Rxd8+ Kg7 31. h3 g5 32. Ra8 h5 33. Rxa5 Kf6 34. b4 g4 35. hxg4 hxg4 36. b5 f4 37. Ra3 f3 38. gxf3 g3 39. Ra4 Kf5 40. Rg4 Bf4 41. b6 e5 42. b7 e4 43. Rxf4+ Kxf4 44. fxe4 1-0

[Event "Madrid-ch sf-A"]
[Site "Madrid"]
[Date "2015.03.18"]
[Round "6"]
[White "Corral Aragon, Juan Maria"]
[Black "Tereso Martin, Antonio Luis"]
[Result "0-1"]
[WhiteElo "1830"]
[BlackElo "2033"]
[PlyCount "84"]
[EventDate "2015.03.09"]
[EventType "swiss"]
[EventRounds "9"]
[EventCountry "ESP"]
[SourceTitle "CBM 165 Extra"]
[Source "ChessBase"]
[SourceDate "2015.04.21"]
[SourceVersion "1"]
[SourceVersionDate "2015.04.21"]
[SourceQuality "1"]

1. e4 d5 2. exd5 Nf6 3. d4 Nxd5 4. c4 Nf6 5. Nf3 c6 6. Be2 Bf5 7. 0-0 e6 8. Nc3 Bd6 9. c5 Bc7 10. Bg5 Nbd7 11. b4 h6 12. Bh4 g5 13. Bg3 Bxg3 14. fxg3 Qc7 15. d5 Nxd5 16. Nxd5 cxd5 17. Nd4 Bg6 18. Nb5 Qb8 19. Nd6+ Ke7 20. Bh5 Rh7 21. Bxg6 fxg6 22. Qd3 Ne5 23. Qd4 Qh8 24. Kh1 Nc6 25. Qg4 Qd4 26. Qxd4 Nxd4 27. Nxb7 Rb8 28. Na5 Rxb4 29. a4 e5 30. Rfb1 Rxb1+ 31. Rxb1 Ke6 32. c6 Rc7 33. Rc1 g4 34. Rc5 e4 35. h4 h5 36. Kg1 Ke5 37. Kf2 a6 38. Nc4+ Ke6 39. Na5 Kd6 40. Nb7+ Ke5 41. Na5 Ne6 42. Nc4+ Kd4 0-1

[Event "Madrid-ch"]
[Site "Madrid"]
[Date "2015.02.10"]
[Round "5"]
[White "Corral Aragon, Juan Maria"]
[Black "Rueda Maria, Ramiro"]
[Result "0-1"]
[WhiteElo "1809"]
[BlackElo "1905"]
[PlyCount "24"]
[EventDate "2015.02.02"]
[EventType "swiss"]
[EventRounds "9"]
[EventCountry "ESP"]
[SourceTitle "CBM 164 Extra"]
[Source "ChessBase"]
[SourceDate "2015.03.02"]
[SourceVersion "1"]
[SourceVersionDate "2015.03.02"]
[SourceQuality "1"]

1. e4 e5 2. Nf3 Nf6 3. Bc4 Bc5 4. 0-0 d6 5. d4 exd4 6. e5 dxe5 7. Nxe5 0-0 8. c3 Nc6 9. Nxc6 bxc6 10. Qf3 Qe8 11. Bg5 Bg4 12. Qxc6 Qxc6 0-1

[Event "Benidorm op U2000 13th"]
[Site "Benidorm"]
[Date "2014.11.29"]
[Round "2"]
[White "Corral Aragon, Juan Maria"]
[Black "Vallbona Domingo, Joan"]
[Result "0-1"]
[WhiteElo "1812"]
[BlackElo "1992"]
[PlyCount "92"]
[EventDate "2014.11.28"]
[EventType "swiss"]
[EventRounds "10"]
[EventCountry "ESP"]
[SourceTitle "CBM 163 Extra"]
[Source "ChessBase"]
[SourceDate "2014.12.23"]
[SourceVersion "1"]
[SourceVersionDate "2014.12.23"]
[SourceQuality "1"]

1. e4 c5 2. Nf3 e6 3. d4 cxd4 4. Nxd4 a6 5. Be3 Nf6 6. Nd2 d5 7. e5 Nfd7 8. f4 Nc6 9. Nxc6 bxc6 10. Nb3 c5 11. c4 d4 12. Bd2 a5 13. Qf3 Ra7 14. Bd3 a4 15. Nc1 Bb7 16. Be4 Qb8 17. Rb1 Be7 18. 0-0 0-0 19. b3 Qa8 20. Bxb7 Qxb7 21. Qg3 Qe4 22. Nd3 axb3 23. axb3 Ra2 24. Rbe1 Qf5 25. Rf2 Bh4 26. Qxh4 Qxd3 27. Ree2 Rfa8 28. h3 Qxb3 29. Qe7 R2a7 30. f5 Qxc4 31. Qg5 exf5 32. Qxf5 Qe6 33. Qe4 h6 34. Rf3 Re8 35. Bf4 Ra2 36. Rxa2 Qxa2 37. Bxh6 Nxe5 38. Rg3 g6 39. Bf4 Qa1+ 40. Bc1 Qxc1+ 41. Kh2 Qf1 42. h4 f5 43. Qd5+ Kh8 44. Rxg6 Nxg6 45. Qc6 Qf4+ 46. g3 Re2+ 0-1